000 00557nam a2200193 i 4500
001 92798
003 ES-MaACL
005 20250717090417.0
007 t|
008 050328s1904 sp ||||1| cat d
100 1 _aLittré, Émile,
_d1801-1881
_9128979
245 1 0 _aPositivisme /
_cE. Littré ; traducció d'Albert Aldrich.
260 _aBarcelona :
_b[s.n.],
_c1904.
300 _a133 p. ;
_c16 cm.
650 0 7 _aPositivismo
_2embne
_916324
700 1 _aAldrich, Albert.
_919650
852 _aES-MaACL
_jT-1083-F-5
999 _c92798
_d92798